[Event "FICGS W-ch st1 g17 email"]
[Site "FICGS email"]
[Date "2010.07.02"]
[Round "1"]
[White "Maceda, Coco"]
[Black "Nizar, Muhammad"]
[Result "1-0"]
[WhiteElo "2105"]
[BlackElo "1563"]
[PlyCount "45"]
[EventDate "2010.??.??"]
[EventType "tourn (corr)"]
[EventRounds "6"]
[SourceTitle "Corr 2013"]
[Source "ChessBase"]
[SourceDate "2012.11.12"]
[SourceVersion "1"]
[SourceVersionDate "2012.11.12"]
[SourceQuality "1"]

1. e4 c5 2. Nf3 d6 3. d4 cxd4 4. Nxd4 Nf6 5. Nc3 a6 6. Bg5 e6 7. f4 Qb6 8. Nb3 Nbd7 9. Qf3 Qc7 10. a4 b6 11. f5 Bb7 12. fxe6 fxe6 13. Nd4 Kf7 14. Qh3 Re8 15. Be2 Bc8 16. 0-0 d5 17. exd5 exd5 18. Bh5+ g6 19. Bg4 Bg7 20. Be6+ Kf8 21. Nxd5 Qe5 22. Bxf6 Nxf6 23. Qa3+ 1-0

[Event "FICGS W-ch st1 g17 email"]
[Site "FICGS email"]
[Date "2010.07.02"]
[Round "1"]
[White "Nizar, Muhammad"]
[Black "Kelbl, Jiri"]
[Result "0-1"]
[WhiteElo "1563"]
[BlackElo "1850"]
[PlyCount "50"]
[EventDate "2010.??.??"]
[EventType "tourn (corr)"]
[EventRounds "6"]
[SourceTitle "Corr 2013"]
[Source "ChessBase"]
[SourceDate "2012.11.12"]
[SourceVersion "1"]
[SourceVersionDate "2012.11.12"]
[SourceQuality "1"]

1. d4 d5 2. c4 c6 3. Nc3 dxc4 4. a4 Nf6 5. e3 e5 6. Bxc4 exd4 7. exd4 Be7 8. Nf3 0-0 9. 0-0 Bg4 10. Qd3 Bxf3 11. gxf3 Nbd7 12. Ne4 Nb6 13. Bb3 Nbd5 14. Bd2 Qd7 15. Ng3 Rad8 16. Rfe1 Rfe8 17. Kh1 Bd6 18. Qf5 Qxf5 19. Nxf5 Bb4 20. Bxb4 Nxb4 21. Rxe8+ Rxe8 22. Bc4 Nbd5 23. Kg2 g6 24. Nd6 Re7 25. a5 a6 0-1

[Event "FICGS rapid A 000084 email"]
[Site "FICGS email"]
[Date "2010.06.27"]
[Round "1"]
[White "Nizar, Muhammad"]
[Black "Cristancho, Fernando"]
[Result "0-1"]
[WhiteElo "1901"]
[BlackElo "1904"]
[PlyCount "60"]
[EventDate "2010.??.??"]
[EventType "tourn (rapid)"]
[EventRounds "6"]
[SourceTitle "Corr 2013"]
[Source "ChessBase"]
[SourceDate "2012.11.12"]
[SourceVersion "1"]
[SourceVersionDate "2012.11.12"]
[SourceQuality "1"]

1. d4 Nf6 2. c4 e6 3. Nf3 b6 4. g3 Bb7 5. Bg2 Be7 6. 0-0 0-0 7. Nc3 Na6 8. a3 Ne4 9. Qc2 Nxc3 10. Qxc3 c5 11. Be3 Rc8 12. Rfd1 Bf6 13. Ne5 Bxg2 14. Kxg2 d5 15. dxc5 bxc5 16. f4 d4 17. Qc2 Qc7 18. Bd2 Bxe5 19. fxe5 Qxe5 20. Bf4 Qh5 21. Re1 e5 22. Bd2 f5 23. Qa4 Nb8 24. Qxa7 f4 25. gxf4 Rc6 26. Qe7 Rh6 27. h4 Qg4+ 28. Kf2 Rg6 29. Rg1 Rxf4+ 30. Bxf4 Qxf4+ 0-1

[Event "FICGS rapid A 000084 email"]
[Site "FICGS email"]
[Date "2010.06.27"]
[Round "1"]
[White "Nizar, Muhammad"]
[Black "Pereira, Nilson Jose Espindo"]
[Result "1-0"]
[WhiteElo "1901"]
[BlackElo "1905"]
[PlyCount "37"]
[EventDate "2010.??.??"]
[EventType "tourn (rapid)"]
[EventRounds "6"]
[SourceTitle "Corr 2013"]
[Source "ChessBase"]
[SourceDate "2012.11.12"]
[SourceVersion "1"]
[SourceVersionDate "2012.11.12"]
[SourceQuality "1"]

1. d4 Nf6 2. c4 e6 3. Nf3 d5 4. Nc3 c6 5. Bg5 h6 6. Bxf6 Qxf6 7. e3 Nd7 8. Bd3 dxc4 9. Bxc4 g6 10. 0-0 Bg7 11. Qc2 0-0 12. Ne4 Qe7 13. Bb3 e5 14. Ng3 Kh7 15. h4 Re8 16. h5 e4 17. Nd2 Nf6 18. hxg6+ fxg6 19. Rae1 1-0

[Event "FICGS rapid B 000149 email"]
[Site "FICGS email"]
[Date "2010.04.22"]
[Round "1"]
[White "Nizar, Muhammad"]
[Black "Ponting, Andrew"]
[Result "0-1"]
[WhiteElo "1863"]
[BlackElo "1716"]
[PlyCount "36"]
[EventDate "2010.??.??"]
[EventType "tourn (rapid)"]
[EventRounds "6"]
[SourceTitle "Corr 2013"]
[Source "ChessBase"]
[SourceDate "2012.11.12"]
[SourceVersion "1"]
[SourceVersionDate "2012.11.12"]
[SourceQuality "1"]

1. d4 d5 2. c4 c6 3. Nc3 Nf6 4. Nf3 e6 5. Bg5 dxc4 6. e4 b5 7. e5 h6 8. Bh4 g5 9. Nxg5 hxg5 10. Bxg5 Nbd7 11. exf6 Bb7 12. g3 c5 13. d5 Nxf6 14. Bg2 Be7 15. 0-0 Nxd5 16. Bxe7 Kxe7 17. Re1 Nxc3 18. bxc3 Bxg2 0-1

[Event "FICGS rapid B 000146 email"]
[Site "FICGS email"]
[Date "2010.03.20"]
[Round "1"]
[White "Dikant, Christophe"]
[Black "Nizar, Muhammad"]
[Result "0-1"]
[WhiteElo "1803"]
[BlackElo "1863"]
[PlyCount "54"]
[EventDate "2010.??.??"]
[EventType "tourn (rapid)"]
[EventRounds "5"]
[SourceTitle "Corr 2013"]
[Source "ChessBase"]
[SourceDate "2012.11.12"]
[SourceVersion "1"]
[SourceVersionDate "2012.11.12"]
[SourceQuality "1"]

1. c4 e5 2. Nc3 Nf6 3. g3 Bc5 4. e3 Nc6 5. Bg2 0-0 6. Nge2 d6 7. 0-0 Bf5 8. d3 Rb8 9. a3 Qd7 10. b4 Bb6 11. Na4 Bg4 12. Nxb6 axb6 13. f3 Bf5 14. b5 Na5 15. e4 Be6 16. a4 Ne8 17. Be3 f5 18. Qc2 Nf6 19. Kh1 fxe4 20. fxe4 Bh3 21. Nc3 c5 22. Bg5 Nh5 23. Nd5 Bxg2+ 24. Kxg2 h6 25. Nxb6 Qg4 26. Be3 Nf4+ 27. Bxf4 exf4 0-1

[Event "FICGS rapid B 000146 email"]
[Site "FICGS email"]
[Date "2010.03.20"]
[Round "1"]
[White "Nizar, Muhammad"]
[Black "Riline, Alejandro"]
[Result "1-0"]
[WhiteElo "1863"]
[BlackElo "1857"]
[PlyCount "51"]
[EventDate "2010.??.??"]
[EventType "tourn (rapid)"]
[EventRounds "5"]
[SourceTitle "Corr 2013"]
[Source "ChessBase"]
[SourceDate "2012.11.12"]
[SourceVersion "1"]
[SourceVersionDate "2012.11.12"]
[SourceQuality "1"]

1. d4 Nf6 2. c4 e6 3. Nf3 b6 4. g3 Ba6 5. b3 Bb4+ 6. Bd2 Be7 7. Bg2 c6 8. 0-0 d5 9. Nc3 Nbd7 10. cxd5 exd5 11. Re1 0-0 12. Qc2 Rc8 13. e4 dxe4 14. Nxe4 c5 15. dxc5 Nxc5 16. Nxc5 Bxc5 17. Qb2 Ng4 18. Be3 Nxe3 19. fxe3 Re8 20. Nd4 Rxe3 21. Red1 Rd3 22. Rxd3 Bxd3 23. Kh1 Bxd4 24. Qd2 Bxa1 25. Qf4 Bg6 26. h3 1-0

[Event "FICGS class B 000103 email"]
[Site "FICGS email"]
[Date "2010.03.19"]
[Round "1"]
[White "Nizar, Muhammad"]
[Black "Kelbl, Jiri"]
[Result "0-1"]
[WhiteElo "1863"]
[BlackElo "1821"]
[PlyCount "34"]
[EventDate "2010.??.??"]
[EventType "tourn (corr)"]
[EventRounds "6"]
[SourceTitle "Corr 2013"]
[Source "ChessBase"]
[SourceDate "2012.11.12"]
[SourceVersion "1"]
[SourceVersionDate "2012.11.12"]
[SourceQuality "1"]

1. d4 f5 2. g3 Nf6 3. Bg2 e6 4. Nf3 Be7 5. 0-0 0-0 6. c4 d6 7. Nc3 Ne4 8. Qc2 Nxc3 9. Qxc3 Nd7 10. h4 Nf6 11. Be3 Bd7 12. b4 a6 13. c5 Nd5 14. Qb3 a5 15. a3 a4 16. Qd3 Nxe3 17. Qxe3 Bf6 0-1

[Event "FICGS rapid B 000143 email"]
[Site "FICGS email"]
[Date "2010.02.23"]
[Round "1"]
[White "Nizar, Muhammad"]
[Black "Sternik, Ryszard"]
[Result "1/2-1/2"]
[WhiteElo "1799"]
[BlackElo "1879"]
[PlyCount "59"]
[EventDate "2010.??.??"]
[EventType "tourn (rapid)"]
[EventRounds "5"]
[SourceTitle "Corr 2013"]
[Source "ChessBase"]
[SourceDate "2012.11.12"]
[SourceVersion "1"]
[SourceVersionDate "2012.11.12"]
[SourceQuality "1"]

1. d4 f5 2. g3 Nf6 3. Bg2 g6 4. c4 Bg7 5. Nf3 0-0 6. Nc3 c6 7. c5 d5 8. cxd6 exd6 9. 0-0 h6 10. Qd3 Be6 11. Nh4 Kh7 12. e4 fxe4 13. Nxe4 Bf7 14. Nc3 Na6 15. a3 Qb6 16. Be3 Qb3 17. h3 Nc7 18. Qd2 Ncd5 19. Nxd5 Nxd5 20. Rae1 Rae8 21. Bf3 a6 22. Bd1 Qb6 23. Bc2 Qd8 24. Qd3 Qf6 25. Kh2 Re7 26. b4 Rfe8 27. Qd2 Nb6 28. Qd3 Nc4 29. Bb1 b5 30. Bc2 1/2-1/2

[Event "FICGS rapid B 000143 email"]
[Site "FICGS email"]
[Date "2010.02.23"]
[Round "1"]
[White "Prie, Eric"]
[Black "Nizar, Muhammad"]
[Result "0-1"]
[WhiteElo "1726"]
[BlackElo "1799"]
[PlyCount "26"]
[EventDate "2010.??.??"]
[EventType "tourn (rapid)"]
[EventRounds "5"]
[SourceTitle "Corr 2013"]
[Source "ChessBase"]
[SourceDate "2012.11.12"]
[SourceVersion "1"]
[SourceVersionDate "2012.11.12"]
[SourceQuality "1"]

1. e4 c5 2. Nf3 d6 3. d4 cxd4 4. Nxd4 Nf6 5. Nc3 a6 6. Bg5 e6 7. f4 Qb6 8. Qd2 Qxb2 9. Rb1 Qa3 10. Bc4 Nbd7 11. 0-0 Qc5 12. Bb3 e5 13. fxe5 dxe5 0-1

[Event "FICGS class B 000096 email"]
[Site "FICGS email"]
[Date "2010.01.03"]
[Round "1"]
[White "Nizar, Muhammad"]
[Black "Panov, Dmitry"]
[Result "0-1"]
[WhiteElo "1799"]
[BlackElo "1965"]
[PlyCount "70"]
[EventDate "2010.??.??"]
[EventType "tourn (corr)"]
[EventRounds "5"]
[SourceTitle "Corr 2013"]
[Source "ChessBase"]
[SourceDate "2012.11.12"]
[SourceVersion "1"]
[SourceVersionDate "2012.11.12"]
[SourceQuality "1"]

1. d4 Nf6 2. c4 e6 3. Nf3 Bb4+ 4. Bd2 Bxd2+ 5. Qxd2 0-0 6. Nc3 b6 7. g3 d6 8. Bg2 Bb7 9. 0-0 Nbd7 10. d5 e5 11. b4 a5 12. a3 Re8 13. Nh4 g6 14. Nf3 axb4 15. axb4 Ba6 16. Qa2 e4 17. Nd4 Ne5 18. b5 Bb7 19. Qb3 Ned7 20. Na4 Qe7 21. e3 Ra7 22. Nc3 Rea8 23. Rxa7 Rxa7 24. Qc2 Nc5 25. Nb3 Nxb3 26. Qxb3 Bc8 27. h3 Qe5 28. g4 h5 29. g5 Qxg5 30. Kh1 Qh4 31. Qc2 Bxh3 32. Rc1 Ng4 33. Kg1 Bxg2 34. Kxg2 Ra3 35. Nd1 Qh2+ 0-1

[Event "FICGS rapid A 000074 email"]
[Site "FICGS email"]
[Date "2010.01.01"]
[Round "1"]
[White "Koenig, Paul"]
[Black "Nizar, Muhammad"]
[Result "0-1"]
[WhiteElo "1956"]
[BlackElo "1911"]
[PlyCount "44"]
[EventDate "2010.??.??"]
[EventType "tourn (rapid)"]
[EventRounds "6"]
[SourceTitle "Corr 2013"]
[Source "ChessBase"]
[SourceDate "2012.11.12"]
[SourceVersion "1"]
[SourceVersionDate "2012.11.12"]
[SourceQuality "1"]

1. e4 c5 2. f4 g6 3. Nf3 Bg7 4. Bc4 d6 5. 0-0 Nf6 6. e5 dxe5 7. fxe5 Nd5 8. Ng5 Be6 9. Nxe6 fxe6 10. Qg4 Qb6 11. Bxd5 exd5 12. Qc8+ Qd8 13. Qxb7 Nd7 14. e6 Nf6 15. Qc6+ Kf8 16. Qxc5 Kg8 17. Nc3 h6 18. d3 Kh7 19. Be3 a5 20. Rae1 Rb8 21. Bd4 Rc8 22. Qa7 Ra8 0-1

[Event "FICGS rapid A 000074 email"]
[Site "FICGS email"]
[Date "2010.01.01"]
[Round "1"]
[White "Nizar, Muhammad"]
[Black "Dikant, Christophe"]
[Result "1-0"]
[WhiteElo "1911"]
[BlackElo "2000"]
[PlyCount "71"]
[EventDate "2010.??.??"]
[EventType "tourn (rapid)"]
[EventRounds "6"]
[SourceTitle "Corr 2013"]
[Source "ChessBase"]
[SourceDate "2012.11.12"]
[SourceVersion "1"]
[SourceVersionDate "2012.11.12"]
[SourceQuality "1"]

1. d4 c5 2. d5 e5 3. c4 d6 4. e4 Be7 5. Nc3 Bg5 6. Nf3 Bxc1 7. Qxc1 a6 8. h3 Ne7 9. Bd3 0-0 10. 0-0 Qe8 11. a3 f5 12. b4 Nd7 13. exf5 Nxf5 14. Ne4 Qe7 15. Qg5 Qxg5 16. Nfxg5 Nf6 17. bxc5 Nxe4 18. Nxe4 dxc5 19. Nxc5 Nd6 20. Rfe1 Re8 21. a4 b6 22. Ne4 Nxe4 23. Rxe4 Bd7 24. a5 Bf5 25. Re3 e4 26. Rae1 bxa5 27. Bxe4 Bxe4 28. Rxe4 Red8 29. Ra1 Kf7 30. Rxa5 Rd6 31. Re5 Rad8 32. f4 h6 33. g4 g6 34. Kf2 Kf6 35. Ke3 g5 36. Kd4 1-0

[Event "FICGS class C 000094 email"]
[Site "FICGS email"]
[Date "2009.12.20"]
[Round "1"]
[White "Stibal, George"]
[Black "Nizar, Muhammad"]
[Result "0-1"]
[WhiteElo "1812"]
[BlackElo "1911"]
[PlyCount "36"]
[EventDate "2009.??.??"]
[EventType "tourn (corr)"]
[EventRounds "1"]
[SourceTitle "Corr 2022"]
[Source "ChessBase"]
[SourceDate "2021.10.24"]
[SourceVersion "1"]
[SourceVersionDate "2021.10.24"]
[SourceQuality "1"]

1. e4 c5 2. Nf3 d6 3. d4 cxd4 4. Nxd4 Nf6 5. Nc3 a6 6. f4 Qb6 7. Nb3 g6 8. Qf3 Bg7 9. h3 Nc6 10. Be3 Qc7 11. 0-0-0 b5 12. e5 dxe5 13. fxe5 Nd7 14. Nd5 Qxe5 15. c3 0-0 16. Bf4 Qe6 17. Nc7 Qf6 18. Nxa8 e5 0-1

[Event "FICGS W-ch st1 g14 email"]
[Site "FICGS email"]
[Date "2009.11.17"]
[Round "1"]
[White "Nizar, Muhammad"]
[Black "Gorny, Andrzej"]
[Result "0-1"]
[WhiteElo "1911"]
[BlackElo "1918"]
[PlyCount "98"]
[EventDate "2009.??.??"]
[EventType "tourn (corr)"]
[EventRounds "8"]
[SourceTitle "Corr 2022"]
[Source "ChessBase"]
[SourceDate "2021.10.24"]
[SourceVersion "1"]
[SourceVersionDate "2021.10.24"]
[SourceQuality "1"]

1. d4 e6 2. c4 b6 3. e4 Bb7 4. Bd3 f5 5. Qe2 Nf6 6. Nc3 Bb4 7. Bg5 c5 8. d5 h6 9. Bd2 0-0 10. e5 exd5 11. exf6 Re8 12. Be3 Bxc3+ 13. bxc3 Qxf6 14. 0-0-0 Qxc3+ 15. Qc2 Qxc2+ 16. Bxc2 d4 17. Nf3 dxe3 18. Rhe1 Bxf3 19. gxf3 e2 20. Rd2 Nc6 21. Rdxe2 Rxe2 22. Rxe2 Kf7 23. Rd2 Nd4 24. Bd1 Re8 25. Ba4 Re1+ 26. Kb2 Ke6 27. f4 Re4 28. h4 a6 29. h5 Rxf4 30. Bd1 b5 31. cxb5 axb5 32. a3 d5 33. Kc3 Ke5 34. Rb2 Rh4 35. Kd2 Rh3 36. Ke1 Rxa3 37. Kd2 c4 38. Ke1 c3 39. Rb4 c2 40. Bxc2 Nxc2+ 41. Kf1 Nxb4 42. Kg2 Kf4 43. Kh2 Nd3 44. Kg2 Ra2 45. Kg1 Rxf2 46. Kh1 b4 47. Kg1 b3 48. Kh1 b2 49. Kg1 b1R# 0-1

[Event "FICGS W-ch st1 g14 email"]
[Site "FICGS email"]
[Date "2009.11.02"]
[Round "1"]
[White "Bester, Kazimierz"]
[Black "Nizar, Muhammad"]
[Result "0-1"]
[WhiteElo "1275"]
[BlackElo "1911"]
[PlyCount "80"]
[EventDate "2009.??.??"]
[EventType "tourn (corr)"]
[EventRounds "8"]
[SourceTitle "Corr 2022"]
[Source "ChessBase"]
[SourceDate "2021.10.24"]
[SourceVersion "1"]
[SourceVersionDate "2021.10.24"]
[SourceQuality "1"]

1. c4 e5 2. Nf3 Nc6 3. d4 exd4 4. Nxd4 Nf6 5. Nf3 Be7 6. Bg5 0-0 7. e3 h6 8. Bh4 d6 9. Nc3 Bg4 10. Be2 Re8 11. 0-0 Ne4 12. Bxe7 Qxe7 13. Nxe4 Qxe4 14. a3 a5 15. Rc1 Ne5 16. Nxe5 Bxe2 17. Qxe2 Rxe5 18. Rfd1 Rae8 19. Rd4 Qxd4 20. g3 a4 21. Rc3 b6 22. exd4 Rxe2 23. b4 axb3 24. Rxb3 Rc2 25. c5 dxc5 26. dxc5 Rxc5 27. h4 Rc2 28. Rf3 Ree2 29. Kf1 c5 30. g4 c4 31. Kg2 Red2 32. Kg3 Rd3 33. g5 Rxf3+ 34. Kxf3 c3 35. gxh6 gxh6 36. Ke3 Rd2 37. f4 Rd1 38. Ke2 c2 39. f5 c1Q 40. Kf3 Rd4 0-1

[Event "FICGS W-ch st1 g14 email"]
[Site "FICGS email"]
[Date "2009.11.02"]
[Round "1"]
[White "Nizar, Muhammad"]
[Black "Lobanov, Alex"]
[Result "0-1"]
[WhiteElo "1911"]
[BlackElo "2159"]
[PlyCount "70"]
[EventDate "2009.??.??"]
[EventType "tourn (corr)"]
[EventRounds "8"]
[SourceTitle "Corr 2022"]
[Source "ChessBase"]
[SourceDate "2021.10.24"]
[SourceVersion "1"]
[SourceVersionDate "2021.10.24"]
[SourceQuality "1"]

1. d4 Nf6 2. c4 e6 3. Nf3 b6 4. g3 Bb7 5. Bg2 Be7 6. 0-0 0-0 7. Nc3 Ne4 8. Qc2 Nxc3 9. Qxc3 c5 10. Rd1 d6 11. Qd3 Nc6 12. Bf4 Bf6 13. dxc5 dxc5 14. Bd6 Re8 15. Rd2 e5 16. Qb3 Qc8 17. e4 Qe6 18. Bxc5 Na5 19. Qb4 Bxe4 20. Be3 Nxc4 21. Re2 Bd3 22. Ree1 e4 23. Nd4 Qd7 24. b3 a5 25. Qc3 Nxe3 26. fxe3 Rac8 27. Qd2 Bxd4 28. exd4 Rc2 29. Qe3 Rec8 30. Bxe4 Qh3 31. Bxh7+ Kh8 32. Re2 Rxe2 33. Qxe2 Bxe2 34. Be4 Bf3 35. Bxf3 Rc2 0-1

[Event "FICGS W-ch st1 g14 email"]
[Site "FICGS email"]
[Date "2009.11.02"]
[Round "1"]
[White "Nizar, Muhammad"]
[Black "Toutaoui, Khaled"]
[Result "1-0"]
[WhiteElo "1911"]
[BlackElo "1553"]
[PlyCount "59"]
[EventDate "2009.??.??"]
[EventType "tourn (corr)"]
[EventRounds "8"]
[SourceTitle "Corr 2022"]
[Source "ChessBase"]
[SourceDate "2021.10.24"]
[SourceVersion "1"]
[SourceVersionDate "2021.10.24"]
[SourceQuality "1"]

1. d4 d5 2. c4 e6 3. Nf3 Nf6 4. Nc3 Be7 5. Bf4 c6 6. e3 0-0 7. Bd3 Nbd7 8. 0-0 Re8 9. e4 dxc4 10. Bxc4 b6 11. a3 Bb7 12. Rc1 Rc8 13. Qe2 c5 14. Rfd1 cxd4 15. Rxd4 Bc5 16. Rd2 Qe7 17. b4 e5 18. Bg5 Bd6 19. Rcd1 Bb8 20. Rxd7 Qxd7 21. Rxd7 Nxd7 22. Qa2 Rf8 23. Be7 Rfe8 24. Bxf7+ Kh8 25. Bxe8 Rxe8 26. Qf7 Rc8 27. Ng5 h6 28. Ne6 Rg8 29. Qg6 Ba6 30. Ng5 1-0

[Event "FICGS rapid B 000129 email"]
[Site "FICGS email"]
[Date "2009.10.20"]
[Round "1"]
[White "Nizar, Muhammad"]
[Black "Deline, Ralph"]
[Result "1/2-1/2"]
[WhiteElo "1835"]
[BlackElo "1871"]
[PlyCount "149"]
[EventDate "2009.??.??"]
[EventType "tourn (rapid)"]
[EventRounds "6"]
[SourceTitle "Corr 2022"]
[Source "ChessBase"]
[SourceDate "2021.10.24"]
[SourceVersion "1"]
[SourceVersionDate "2021.10.24"]
[SourceQuality "1"]

1. d4 Nf6 2. c4 g6 3. Nc3 d5 4. Nf3 Bg7 5. Bg5 Ne4 6. cxd5 Nxg5 7. Nxg5 e6 8. Nf3 exd5 9. e3 0-0 10. Be2 c6 11. 0-0 Nd7 12. Qc2 Nb6 13. b3 Bf5 14. Bd3 Bg4 15. Be2 Re8 16. h3 Bf5 17. Bd3 Bxd3 18. Qxd3 Nc8 19. b4 Nd6 20. a4 Rc8 21. Rfc1 Ne4 22. Rab1 f5 23. a5 Qd6 24. Na4 f4 25. exf4 Qxf4 26. Nc5 Re7 27. Re1 Rce8 28. b5 Nxc5 29. dxc5 Qc4 30. Qd2 cxb5 31. Rec1 Re2 32. Rxc4 Rxd2 33. Rcb4 Rc2 34. Rxb5 Bf8 35. Ne1 Rce2 36. Kf1 R8e7 37. g3 a6 38. R5b3 Ra2 39. Nd3 Rxa5 40. Kg2 g5 41. R1b2 Rf7 42. Rxb7 Bxc5 43. Rxf7 Kxf7 44. Rb7+ Kf6 45. Rxh7 Bf8 46. Rb7 Ra2 47. Rb6+ Kg7 48. Re6 a5 49. Re5 Kh6 50. Rxd5 a4 51. Rf5 Be7 52. Re5 Bf8 53. Rf5 Be7 54. Ne5 Rc2 55. Rf7 Bb4 56. Nd3 Bd2 57. Ra7 Rc3 58. Ne5 a3 59. Kf1 Rc1+ 60. Ke2 Bb4 61. Ra4 Kg7 62. Kd3 Bc5 63. Ng4 Rd1+ 64. Kc2 Rh1 65. Ra5 Kf7 66. Kb3 Be7 67. Nh6+ Ke6 68. Nf5 Rb1+ 69. Kc4 Rc1+ 70. Kd3 Bb4 71. Nd4+ Kd6 72. Ra4 Rc3+ 73. Ke4 Rc4 74. Kd3 Rc3+ 75. Ke4 1/2-1/2